Estampas del Madrid teatral fin de siglo : (Record no. 114470)

MARC details
000 -LEADER
campo de control de longitud fija 00967nam a2200241 i 4500
001 - NÚMERO DE CONTROL
campo de control 114470
003 - IDENTIFICADOR DE NÚMERO DE CONTROL
campo de control ES-MaACL
005 - FECHA Y HORA DE LA ÚLTIMA TRANSACCIÓN
campo de control 20250605063105.0
007 - CAMPO FIJO DE DESCRIPCIÓN FÍSICA--INFORMACIÓN GENERAL
campo de control de longitud fija t|
008 - DATOS DE LONGITUD FIJA--INFORMACIÓN GENERAL
campo de control de longitud fija 070302s1946 sp af ||||1| spa d
040 ## - FUENTE DE CATALOGACIÓN
Centro/agencia transcriptor ES-MaACL
080 ## - NÚMERO DE LA CLASIFICACIÓN DECIMAL UNIVERSAL
Número de la Clasificación Decimal Universal 792(460.27)"18"
100 1# - ENTRADA PRINCIPAL--NOMBRE DE PERSONA
Nombre de persona Deleito y Piñuela, José,
Fechas asociadas al nombre 1879-1957
9 (RLIN) 43365
Término indicativo de función/relación Autor
245 10 - MENCIÓN DEL TÍTULO
Título Estampas del Madrid teatral fin de siglo :
Resto del título I : teatros de declamación (Español, Comedia, Princesa, Novedades, Lara) /
Mención de responsabilidad, etc. por José Deleito y Piñuela.
260 ## - PUBLICACIÓN, DISTRIBUCIÓN, ETC.
Lugar de publicación, distribución, etc. Madrid :
Nombre del editor, distribuidor, etc. Saturnino Calleja,
Fecha de publicación, distribución, etc. [1946]
300 ## - DESCRIPCIÓN FÍSICA
Extensión 1 v. :
Otras características físicas il., grab. ;
Dimensiones 19 cm.
505 8# - NOTA DE CONTENIDO CON FORMATO
Nota de contenido con formato Contiene: I ;
Título Teatros de declamación. Español-Comedia- Princesa-Novedades-Lara... (378 pág., con 1 lám. + 2 hoj. + 1-33 lám.)
650 #7 - PUNTO DE ACCESO ADICIONAL DE MATERIA--TÉRMINO DE MATERIA
Término de materia o nombre geográfico como elemento de entrada Teatro-
Subdivisión geográfica Madrid-
Subdivisión cronológica S.XIX
9 (RLIN) 141187
852 ## - LOCALIZACIÓN
Ubicación ES-MaACL
Número de control de estantería E-4879
Encuadernación Encuadernación rústica con solapas
942 ## - ELEMENTOS DE ENTRADA SECUNDARIOS (KOHA)
Tipo de ítem Koha Libro impreso
Suprimir en OPAC No
Holdings
Estatus retirado Estado de pérdida Estado de daño No para préstamo Biblioteca de origen Biblioteca actual Ubicación en estantería Fecha de adquisición Fuente de adquisición Total de préstamos Signatura topográfica completa Código de barras Visto por última vez Precio de reemplazo Tipo de ítem Koha
        Biblioteca del Ateneo de Madrid Biblioteca del Ateneo de Madrid Depósito 2 17/01/2008     E-4879 1119379 23/02/2023 23/02/2023 Libro impreso